[Event "CAN-ch U16 Girls"]
[Site "Richmond Hill"]
[Date "2011.07.08"]
[Round "7"]
[White "Ugodnikov, Jennifer"]
[Black "Moayyed, Kimia"]
[Result "0-1"]
[WhiteElo "1056"]
[BlackElo "1140"]
[PlyCount "78"]
[EventDate "2011.07.06"]
[EventType "swiss"]
[EventRounds "7"]
[EventCountry "CAN"]
[SourceTitle "EXT 2022"]
[Source "ChessBase"]
[SourceDate "2021.10.06"]
[SourceVersion "1"]
[SourceVersionDate "2021.10.06"]
[SourceQuality "1"]

1. e4 e5 2. Nf3 Nc6 3. Bc4 d6 4. c3 Bg4 5. d3 g6 6. Be3 Nf6 7. Nbd2 Bg7 8. Qb3 0-0 9. Qxb7 Bd7 10. Qa6 Rb8 11. Rb1 Qe8 12. Bxa7 Ra8 13. Qb5 Rxa7 14. a3 Nd4 15. Bxf7+ Rxf7 16. Qc4 Bb5 17. Qa2 Nc2+ 18. Ke2 Kh8 19. Rbc1 Ba4 20. b3 Nd4+ 21. cxd4 Bb5 22. dxe5 dxe5 23. b4 Bh6 24. Nxe5 Re7 25. Nef3 Nxe4 26. Qb2+ Nc3+ 27. Kf1 Bxd3+ 28. Kg1 Bxd2 29. Qxd2 Ne2+ 30. Qxe2 Rxe2 31. h3 Rxa3 32. Kh2 Rxf2 33. Rxc7 Qd8 34. Rhc1 Qd6+ 35. Kh1 Qg3 36. Rc8+ Kg7 37. Rg1 Raa2 38. Ne1 Qxh3+ 39. gxh3 Rh2# 0-1